| 000 | 00359nam a2200145Ia 4500 | ||
|---|---|---|---|
| 008 | 150201s1994 xx 000 0 und d | ||
| 082 |
_a617 _bS94J |
||
| 100 | _aJAMIESON , G.G. | ||
| 245 | _aROB & SMIT SURGERY OF THE UPPER GASTROINTRSHIN | ||
| 250 | _a5TH | ||
| 260 |
_bBUTTERWORTH _aLONDON _c1994 |
||
| 300 | _a1-618 | ||
| 650 | _aSURGERY | ||
| 942 |
_2ddc _cBK |
||
| 999 |
_c1306 _d1306 |
||